[Event "Heraklion Tal Memorial 3rd"]
[Site "Heraklion"]
[Date "2022.04.26"]
[Round "2"]
[White "Kotsinis, Alexandros"]
[Black "Peng, Li Min"]
[Result "0-1"]
[WhiteElo "2055"]
[BlackElo "2517"]
[PlyCount "62"]
[EventDate "2022.04.25"]
[EventType "tourn"]
[EventRounds "9"]
[EventCountry "GRE"]
[SourceTitle "CBM 208 Extra"]
[Source "ChessBase"]
[SourceDate "2022.07.31"]
[SourceVersion "1"]
[SourceVersionDate "2022.07.31"]
[SourceQuality "1"]

1. d4 d5 2. c4 e6 3. Nf3 a6 4. g3 dxc4 5. Bg2 Nc6 6. e3 Rb8 7. Nfd2 Qd7 8. Nxc4 b5 9. Ncd2 Nf6 10. 0-0 Bb7 11. a4 Be7 12. axb5 axb5 13. Nc3 b4 14. Nce4 Nxe4 15. Bxe4 0-0 16. Nc4 Ra8 17. Rxa8 Rxa8 18. b3 Qc8 19. Qc2 h6 20. Bb2 Na5 21. Bh7+ Kh8 22. Ne5 Qe8 23. Ra1 Bd6 24. Be4 Bxe5 25. dxe5 c5 26. Bxb7 Nxb7 27. Rxa8 Qxa8 28. Bc1 Qa1 29. f4 Na5 30. Kg2 Qc3 31. Qd1 Nxb3 0-1

[Event "EU-ch 22nd"]
[Site "Terme Catez"]
[Date "2022.03.31"]
[Round "5"]
[White "Gajcin, Marina"]
[Black "Kotsinis, Alexandros"]
[Result "1-0"]
[WhiteElo "2254"]
[BlackElo "2055"]
[PlyCount "93"]
[EventDate "2022.03.27"]
[EventType "swiss"]
[EventRounds "11"]
[EventCountry "SLO"]
[SourceTitle "CBM 208"]
[Source "ChessBase"]
[SourceDate "2022.06.30"]
[SourceVersion "1"]
[SourceVersionDate "2022.06.30"]
[SourceQuality "1"]

1. e4 e5 2. Nf3 Nc6 3. Bc4 Nf6 4. d3 Bc5 5. c3 d6 6. a4 a6 7. 0-0 Ba7 8. b4 h6 9. Nbd2 a5 10. b5 Ne7 11. Ba3 0-0 12. d4 exd4 13. cxd4 d5 14. Bxe7 Qxe7 15. exd5 Bf5 16. Qb3 Qd6 17. Rae1 Rfe8 18. Re5 Bg6 19. Rfe1 Kf8 20. h3 Nd7 21. R5e3 Nb6 22. Ne5 Bh7 23. Ne4 Qb4 24. Nc5 Bf5 25. Qxb4 axb4 26. Bb3 f6 27. Nf3 Rab8 28. a5 Rxe3 29. fxe3 Nc8 30. e4 Bxc5 31. dxc5 Bd7 32. Nd4 Ra8 33. c6 bxc6 34. dxc6 Be8 35. Ne6+ Ke7 36. a6 Ra7 37. Nxg7 Bg6 38. Nf5+ Bxf5 39. exf5+ Kd6 40. Re6+ Kc5 41. Rxf6 Kxb5 42. Rxh6 Nd6 43. f6 Ra8 44. f7 Kxa6 45. g4 Rf8 46. Rxd6 cxd6 47. g5 1-0

[Event "EU-ch 22nd"]
[Site "Terme Catez"]
[Date "2022.03.28"]
[Round "2"]
[White "Karsay, Pascal"]
[Black "Kotsinis, Alexandros"]
[Result "1-0"]
[WhiteElo "2310"]
[BlackElo "2055"]
[PlyCount "67"]
[EventDate "2022.03.27"]
[EventType "swiss"]
[EventRounds "11"]
[EventCountry "SLO"]
[SourceTitle "CBM 208"]
[Source "ChessBase"]
[SourceDate "2022.06.30"]
[SourceVersion "1"]
[SourceVersionDate "2022.06.30"]
[SourceQuality "1"]

1. d4 d5 2. Nf3 Nf6 3. c4 e6 4. Nc3 h6 5. g3 Bd6 6. Bg2 0-0 7. 0-0 Nc6 8. e3 b6 9. b3 Rb8 10. Nb5 a6 11. Nxd6 cxd6 12. Ne1 a5 13. Ba3 Ba6 14. Rc1 Qd7 15. Nd3 Rfc8 16. cxd5 exd5 17. Re1 g5 18. Re2 Qf5 19. Rec2 Qd7 20. Ne1 b5 21. Nf3 b4 22. Bb2 Bb5 23. a4 bxa3 24. Bxa3 Ne4 25. Nd2 Bd3 26. Nxe4 dxe4 27. Rc3 Nb4 28. Qh5 Kg7 29. Bh3 f5 30. Bxf5 Qxf5 31. Rc7+ Rxc7 32. Rxc7+ Kf8 33. Qxh6+ Ke8 34. Qxd6 1-0

[Event "GRE-chT 48th"]
[Site "Athens"]
[Date "2021.09.08"]
[Round "3.2"]
[White "Poupalos, Nikolaos"]
[Black "Kotsinis, Alexandros"]
[Result "1-0"]
[WhiteElo "1940"]
[BlackElo "2067"]
[PlyCount "99"]
[EventDate "2021.09.07"]
[EventType "team-swiss"]
[EventRounds "7"]
[EventCountry "GRE"]
[SourceTitle "CBM 204 Extra"]
[Source "ChessBase"]
[SourceDate "2021.11.30"]
[SourceVersion "1"]
[SourceVersionDate "2021.11.30"]
[SourceQuality "1"]
[WhiteTeam "Piraikos"]
[BlackTeam "Irakleiou"]
[WhiteTeamCountry "GRE"]
[BlackTeamCountry "GRE"]

1. e4 e5 2. Nf3 Nc6 3. Nc3 Nf6 4. d4 exd4 5. Nxd4 Bb4 6. Nxc6 bxc6 7. Bd3 0-0 8. 0-0 Re8 9. Re1 h6 10. Bd2 d6 11. h3 Nd7 12. f4 Rb8 13. Kh1 Bc5 14. Na4 Bd4 15. Qf3 Qh4 16. c3 Bf2 17. Re2 Bg3 18. Be1 Bxe1 19. Raxe1 Nf6 20. Qf2 Qxf2 21. Rxf2 c5 22. c4 Bd7 23. Nc3 Bc6 24. Kh2 a5 25. g3 Rb4 26. Ree2 Nd7 27. Nd1 Nb6 28. a3 Rxc4 29. Bxc4 Nxc4 30. Nc3 Kf8 31. Kg1 Rb8 32. Kf1 Rb3 33. Ke1 Nxb2 34. Rxb2 Rxc3 35. e5 Be4 36. Rfe2 d5 37. Rb7 Rxg3 38. Rxc7 Rg1+ 39. Kf2 Rg2+ 40. Kf1 Rg3 41. Rb2 Kg8 42. Rb8+ Kh7 43. Rxf7 d4 44. e6 d3 45. Rd8 Bc6 46. f5 h5 47. Rff8 g6 48. f6 g5 49. f7 Rf3+ 50. Ke1 1-0

[Event "GRE-ch U18 23rd"]
[Site "Rethymno"]
[Date "2020.01.07"]
[Round "8"]
[White "Tzagarakis, Panagiotis"]
[Black "Kotsinis, Alexandros"]
[Result "0-1"]
[WhiteElo "1959"]
[BlackElo "1996"]
[PlyCount "138"]
[EventDate "2020.01.02"]
[EventType "swiss"]
[EventRounds "9"]
[EventCountry "GRE"]
[SourceTitle "EXT 2021"]
[Source "ChessBase"]
[SourceDate "2020.10.23"]
[SourceVersion "1"]
[SourceVersionDate "2020.10.23"]
[SourceQuality "1"]

1. e4 e5 2. Nf3 Nc6 3. d4 exd4 4. Nxd4 Nf6 5. Nxc6 bxc6 6. e5 Qe7 7. Qe2 Nd5 8. h4 g6 9. c4 Ba6 10. Bg5 Qb4+ 11. Nd2 Qxb2 12. Rb1 Qxa2 13. Rh3 Bb4 14. Rhb3 h6 15. Be3 Rb8 16. Kd1 0-0 17. Bd4 c5 18. Ra1 Bxc4 19. Rxa2 Bxe2+ 20. Bxe2 cxd4 21. Rxa7 Nc3+ 22. Ke1 Nb1 23. Rxb4 Rxb4 24. Rxc7 Ra8 25. Ne4 Nc3 26. Nxc3 dxc3 27. Rxc3 Ra1+ 28. Kd2 Re4 29. Bf3 Ra2+ 30. Kd3 Rxe5 31. Rc7 Rxf2 32. Rxd7 Kg7 33. Rd4 h5 34. Rd6 Re1 35. Ra6 Rb2 36. Ra4 Reb1 37. Kc3 Rb3+ 38. Kc4 Rb8 39. Kc3 R8b3+ 40. Kc4 Rxf3 41. gxf3 Rf1 42. Ra3 Rh1 43. Kd3 Rxh4 44. Ke3 Rb4 45. Kf2 g5 46. Kg3 Kg6 47. Ra5 h4+ 48. Kh3 Rb3 49. Kg4 Rb4+ 50. Kh3 Rf4 51. Kg2 h3+ 52. Kg3 h2 53. Ra1 Rh4 54. Rh1 Kf5 55. Kf2 Kf4 56. Kg2 f5 57. Kf2 Rh8 58. Kg2 Ke3 59. Re1+ Kd2 60. Rh1 Ke2 61. Kg3 f4+ 62. Kg2 Rh7 63. Ra1 h1Q+ 64. Rxh1 Rxh1 65. Kxh1 Kxf3 66. Kh2 g4 67. Kg1 Kg3 68. Kh1 Kf2 69. Kh2 g3+ 0-1

[Event "GRE-ch U18 23rd"]
[Site "Rethymno"]
[Date "2020.01.05"]
[Round "6"]
[White "Kotsinis, Alexandros"]
[Black "Tsarsitalidis, Konstantinos"]
[Result "1/2-1/2"]
[WhiteElo "1996"]
[BlackElo "2014"]
[PlyCount "62"]
[EventDate "2020.01.02"]
[EventType "swiss"]
[EventRounds "9"]
[EventCountry "GRE"]
[SourceTitle "EXT 2021"]
[Source "ChessBase"]
[SourceDate "2020.10.23"]
[SourceVersion "1"]
[SourceVersionDate "2020.10.23"]
[SourceQuality "1"]

1. c4 Nf6 2. Nc3 d5 3. cxd5 Nxd5 4. g3 g6 5. Bg2 Nb6 6. Nf3 Bg7 7. d4 0-0 8. 0-0 Nc6 9. e3 Re8 10. b3 e5 11. Nxe5 Nxe5 12. dxe5 Bxe5 13. Bb2 c6 14. Qe2 Bf5 15. Rfd1 Qe7 16. e4 Bxc3 17. Bxc3 Bxe4 18. Re1 f5 19. Rad1 Qf7 20. Ba1 h6 21. Bxe4 fxe4 22. Qg4 Qf5 23. Qh4 Kh7 24. Rd6 Nd5 25. g4 Qf7 26. g5 h5 27. Rxe4 Rxe4 28. Qxe4 Re8 29. Be5 Nc3 30. Qe3 Nd5 31. Qe4 Nc3 1/2-1/2

[Event "Heraklion op 27th"]
[Site "Heraklion"]
[Date "2019.09.04"]
[Round "3"]
[White "Bogdanov, Egor"]
[Black "Kotsinis, Alexandros"]
[Result "1-0"]
[WhiteElo "2422"]
[BlackElo "1951"]
[PlyCount "63"]
[EventDate "2019.09.03"]
[EventType "swiss"]
[EventRounds "9"]
[EventCountry "GRE"]
[SourceTitle "EXT 2020"]
[Source "ChessBase"]
[SourceDate "2019.10.17"]
[SourceVersion "1"]
[SourceVersionDate "2019.10.17"]
[SourceQuality "1"]

1. e4 e5 2. d4 exd4 3. Nf3 Nc6 4. Bc4 Nf6 5. e5 d5 6. Bb5 Ne4 7. Nxd4 Bc5 8. Be3 0-0 9. Bxc6 bxc6 10. 0-0 Qe8 11. f3 Nf6 12. Re1 Qxe5 13. Bf2 Qh5 14. Nd2 Bd7 15. Nf1 Rfe8 16. Qd2 Bd6 17. Nb3 Qg6 18. Rxe8+ Rxe8 19. Bxa7 Nh5 20. Be3 d4 21. Nxd4 c5 22. Ne2 Bh3 23. Neg3 Nxg3 24. hxg3 Bxg3 25. gxh3 Bd6+ 26. Qg2 Qh5 27. Qg4 Qd5 28. Bf2 h5 29. c4 Qe5 30. Qg2 Qxb2 31. Re1 Be5 32. f4 1-0

[Event "Heraklion op 27th"]
[Site "Heraklion"]
[Date "2019.09.03"]
[Round "1"]
[White "Alexandrakis, Athanasios"]
[Black "Kotsinis, Alexandros"]
[Result "0-1"]
[WhiteElo "1116"]
[BlackElo "1951"]
[PlyCount "38"]
[EventDate "2019.09.03"]
[EventType "swiss"]
[EventRounds "9"]
[EventCountry "GRE"]
[SourceTitle "EXT 2020"]
[Source "ChessBase"]
[SourceDate "2019.10.17"]
[SourceVersion "1"]
[SourceVersionDate "2019.10.17"]
[SourceQuality "1"]

1. d4 e6 2. Nf3 b6 3. Bf4 Bb7 4. e3 f5 5. Nbd2 Nf6 6. c4 Be7 7. Be2 0-0 8. 0-0 Ne4 9. Rc1 g5 10. Bg3 f4 11. exf4 gxf4 12. Qc2 Nxd2 13. Qxd2 fxg3 14. hxg3 Nc6 15. g4 Bf6 16. g3 Qe7 17. Kg2 Nxd4 18. Qd3 Nxe2 19. Qxe2 Bg7 0-1

[Event "Agios Nikolaos op 3rd"]
[Site "Agios Ioannis"]
[Date "2019.08.31"]
[Round "7"]
[White "Vaishali, Ramesh Babu"]
[Black "Kotsinis, Alexandros"]
[Result "0-1"]
[WhiteElo "2411"]
[BlackElo "2007"]
[PlyCount "114"]
[EventDate "2019.08.26"]
[EventType "swiss"]
[EventRounds "9"]
[EventCountry "GRE"]
[SourceTitle "EXT 2020"]
[Source "ChessBase"]
[SourceDate "2019.10.17"]
[SourceVersion "1"]
[SourceVersionDate "2019.10.17"]
[SourceQuality "1"]

1. d4 b6 2. e4 Bb7 3. Nc3 e6 4. Nf3 Nf6 5. Bd3 Bb4 6. e5 Ne4 7. 0-0 Nxc3 8. bxc3 Bxc3 9. Rb1 Nc6 10. Rb3 Bxd4 11. Bg5 Qc8 12. Re1 Bc5 13. Bf4 d6 14. exd6 cxd6 15. Ng5 Qd7 16. Bc4 Nd4 17. Rd3 b5 18. Bxe6 fxe6 19. Rxd4 0-0-0 20. Rd3 e5 21. Be3 Qf5 22. Nh3 Qg6 23. f3 e4 24. Rc3 exf3 25. Nf4 Qf6 26. Qd4 Qxd4 27. Bxd4 b4 28. Rd3 Ba6 29. Rd2 Rhf8 30. Ne6 Bxd4+ 31. Nxd4 Rde8 32. Rxe8+ Rxe8 33. Nxf3 Kd7 34. Rd4 Rb8 35. h4 Ke6 36. Ng5+ Ke5 37. Re4+ Kd5 38. Rf4 h6 39. Rf5+ Kc6 40. Ne6 Bc4 41. Nxg7 Rg8 42. Nh5 Rg4 43. g3 Bxa2 44. Ra5 Bb1 45. Kf2 Bxc2 46. Nf4 Rxf4+ 47. gxf4 b3 48. Ra6+ Kd5 49. Ra5+ Kc4 50. Ra4+ Kc3 51. Ra3 Kb4 52. Rxa7 b2 53. f5 Bxf5 54. Rb7+ Kc3 55. Ke3 b1Q 56. Rc7+ Kb4 57. Rb7+ Kc5 0-1

[Event "Agios Nikolaos op 3rd"]
[Site "Agios Ioannis"]
[Date "2019.08.30"]
[Round "6"]
[White "Kotsinis, Alexandros"]
[Black "Tsihlis, Hristos Panagiotis"]
[Result "1-0"]
[WhiteElo "2007"]
[BlackElo "1513"]
[PlyCount "61"]
[EventDate "2019.08.26"]
[EventType "swiss"]
[EventRounds "9"]
[EventCountry "GRE"]
[SourceTitle "EXT 2020"]
[Source "ChessBase"]
[SourceDate "2019.10.17"]
[SourceVersion "1"]
[SourceVersionDate "2019.10.17"]
[SourceQuality "1"]

1. c4 c5 2. Nf3 Nc6 3. e3 e6 4. b3 Nf6 5. Bb2 b6 6. Nc3 Bb7 7. a3 a6 8. Be2 Be7 9. d4 Qc7 10. d5 Ne5 11. Nxe5 Qxe5 12. Bf3 Rb8 13. Qc2 Qc7 14. Ne4 Nxe4 15. Bxe4 f5 16. d6 Bxd6 17. Bxb7 Rxb7 18. Bxg7 Rg8 19. Bb2 Be5 20. f4 Bxf4 21. exf4 Qxf4 22. Qe2 d5 23. cxd5 Qh4+ 24. g3 Rxg3 25. 0-0-0 Qf4+ 26. Kb1 Rxb3 27. dxe6 Qe4+ 28. Qxe4 fxe4 29. Kc2 Rh3 30. Bf6 e3 31. Rd8# 1-0

[Event "Agios Nikolaos op 3rd"]
[Site "Agios Ioannis"]
[Date "2019.08.27"]
[Round "2"]
[White "Kotsinis, Alexandros"]
[Black "Peng, Li Min"]
[Result "0-1"]
[WhiteElo "2007"]
[BlackElo "2487"]
[PlyCount "56"]
[EventDate "2019.08.26"]
[EventType "swiss"]
[EventRounds "9"]
[EventCountry "GRE"]
[SourceTitle "EXT 2020"]
[Source "ChessBase"]
[SourceDate "2019.10.17"]
[SourceVersion "1"]
[SourceVersionDate "2019.10.17"]
[SourceQuality "1"]

1. d4 Na6 2. c4 e5 3. dxe5 d6 4. Nf3 Bf5 5. Bg5 Qd7 6. Nc3 dxe5 7. Qxd7+ Bxd7 8. Nxe5 Be6 9. Bf4 0-0-0 10. e3 Nf6 11. Be2 Bb4 12. Rc1 Ne4 13. Nf3 Nac5 14. Be5 f6 15. Bd4 Na4 16. Bd3 Nexc3 17. bxc3 Ba3 18. Rb1 c5 19. Rb3 Bb2 20. Kd2 b5 21. Rxb5 Bxc3+ 22. Kc2 cxd4 23. Rhb1 dxe3 24. Rb7 Nc5 25. Rxa7 Rxd3 26. fxe3 Bf5 27. Ra8+ Kc7 28. Ra7+ Kc6 0-1

[Event "Anogia op 8th"]
[Site "Anogia"]
[Date "2019.08.24"]
[Round "8"]
[White "Samaridis, Konstantinos"]
[Black "Kotsinis, Alexandros"]
[Result "1-0"]
[WhiteElo "2055"]
[BlackElo "2007"]
[PlyCount "101"]
[EventDate "2019.08.18"]
[EventType "swiss"]
[EventRounds "9"]
[EventCountry "GRE"]
[SourceTitle "EXT 2020"]
[Source "ChessBase"]
[SourceDate "2019.10.17"]
[SourceVersion "1"]
[SourceVersionDate "2019.10.17"]
[SourceQuality "1"]

1. d4 d5 2. c4 dxc4 3. e4 Nc6 4. Nf3 Bg4 5. d5 Ne5 6. Bf4 Ng6 7. Be3 Nf6 8. Nc3 e6 9. Qa4+ Qd7 10. Qxd7+ Kxd7 11. dxe6+ Bxe6 12. Rd1+ Kc8 13. Ng5 Bb4 14. Nxe6 fxe6 15. Bxc4 Nxe4 16. Bxe6+ Kb8 17. Rd4 Bxc3+ 18. bxc3 Nd6 19. c4 Re8 20. Bd7 Re7 21. Bh3 b6 22. g3 Ne5 23. Bg2 Nexc4 24. Bxa8 Nxe3 25. fxe3 Kxa8 26. Ke2 Ne4 27. Rf1 c5 28. Rd8+ Kb7 29. Rdf8 Nd6 30. Kd3 Kc6 31. R1f4 b5 32. e4 b4 33. Rh4 c4+ 34. Kc2 h6 35. Rb8 Kc5 36. Rh5+ g5 37. Rxh6 Rxe4 38. Rd8 Nf5 39. Rh5 Nd4+ 40. Kd1 Nf3 41. h4 Re1+ 42. Kc2 Re2+ 43. Kc1 Rxa2 44. hxg5 b3 45. g6+ Kb4 46. g7 Kc3 47. Kd1 b2 48. Rb5 Ra5 49. Rdb8 Nd4 50. Rxa5 Nb3 51. Rxb3+ 1-0